| 000 | 01214nam a22002775a 4500 | ||
|---|---|---|---|
| 003 | OSt | ||
| 005 | 20170418103057.0 | ||
| 008 | 170404s2009 ua frb 000 0 ara d | ||
| 015 | _22003 / 13194 | ||
| 020 | _a9770441945 | ||
| 040 |
_aEG-ScBUE _bara _cEG-ScBUE |
||
| 043 | _af-ua--- | ||
| 082 | 0 | 4 |
_a345.62052 _bس ر و _222 |
| 100 | 1 | _aسرور، طارق. | |
| 245 | 1 | 0 |
_aحق المجني عليه في تسجيل المحادثات التليفونية الماسة بشخصه : _bتعليق على الحكم الصادر من محكمة النقض بتاريخ 18 مايو سنة 2000 في الطعن رقم 22340 سنة 62 ق / _cطارق سرور. |
| 260 |
_aالقاهرة : _bدار النهضة العربية، _c2009. |
||
| 300 |
_a70 ص. ؛ _c24 سم. |
||
| 504 | _aيشتمل على إرجاعات ببليوجرافية. | ||
| 610 | 1 | 7 |
_2BUEsh _940940 _aمصر. _bمحكمة النقض. |
| 650 | 7 |
_2BUEsh _aالأحكام الجنائية _zمصر. |
|
| 650 | 7 |
_2BUEsh _aقانون الإجراءات الجنائية _zمصر. _941140 |
|
| 650 | 7 |
_2BUEsh _aالدعوى الجنائية _xقوانين وتشريعات _zمصر. |
|
| 651 | _2BUEsh | ||
| 653 |
_bLLAAWW _cApril2017 |
||
| 942 | _2ddc | ||
| 999 |
_c24616 _d24588 |
||